Statistics for Better Man lyrics

Click here to take the quiz!

General Stats

  • This quiz has been taken 269 times
  • The average score is 432 of 470

Answer Stats

Lyrics% Correct
A
99%
a
99%
be
99%
better
99%
I
99%
man
99%
We
99%
we
99%
were
99%
"You
99%
you,
99%
You
99%
you
99%
the
98%
And
97%
and
97%
had
97%
it"
97%
it
97%
know
97%
of
97%
wish
97%
in
96%
my
96%
on
96%
But
95%
can
95%
he
95%
say
95%
to
95%
who
95%
did
94%
do
94%
I'm
94%
night,
94%
what
94%
when
94%
could
93%
feel
93%
just
93%
middle
93%
miss
93%
some
93%
again
92%
again,
92%
like
92%
off
92%
own,
92%
Sometimes,
92%
goodbye
91%
was
91%
back
90%
didn't
90%
hand
90%
me
90%
love
88%
probably
88%
see
88%
ever
86%
run
86%
than
86%
that
86%
your
86%
never
85%
Never
85%
thing
85%
why
85%
a.m.
84%
if
84%
4
83%
damage
83%
lovin'
83%
might
83%
still
83%
all
82%
I'd
81%
mind
81%
myself,
81%
oh,
81%
Oh,
81%
wasn't
81%
his
80%
always
79%
been
79%
bravest
79%
one
79%
permanent
79%
change
78%
at
77%
would've
77%
thought
76%
any
75%
beginning
75%
down
75%
every
75%
hear
75%
magic
75%
saying
75%
given
74%
have
74%
minute
74%
turn
74%
word,
74%
jealousy,
73%
best
72%
mirror
72%
standing
72%
Talking
72%
gun
71%
sweet
71%
terms
71%
can't
70%
careless
70%
forget
70%
loaded
70%
needing
70%
hoping
68%
now
68%
this
68%
away
67%
both
67%
gave
67%
it's
67%
because
66%
become
66%
hold
66%
Push
66%
Yeah,
66%
yeah
66%
around
64%
wonder
64%
days,
63%
these
63%
they
63%
onto
61%
pride
57%
waited
55%

Score Distribution

Percentile by Number Answered

Percent of People with Each Score

Your Score History

You have not taken this quiz